Estadísticas para Carlos Vives & Shakira - La Bicicleta letra (lyrics)

Haz click aquí para intentar la prueba.

Estadísticas generales

  • Esta prueba ha sido intentada 180 veces
  • La puntuación promedio es 287 de 435

Estadísticas de respuestas

Letra% Correcto
e'
99%
bici
98%
A
96%
a
96%
en
95%
En
95%
La
93%
la
93%
Lleva
91%
lleva
91%
Que
91%
que
91%
de
89%
tu
89%
te
87%
Y
86%
y
86%
bicicleta
85%
es
85%
me
84%
mi
83%
por
80%
Quiero
80%
quiero
80%
Un
80%
un
80%
ti
77%
una
77%
Una
77%
No
76%
no
76%
yo
76%
Yo
76%
lado
75%
todos
74%
escribí
73%
llévame
73%
Se
73%
tanto
73%
corazón
71%
lados
71%
Le
71%
le
71%
Barcelona
70%
pa'
70%
el
66%
latiendo
66%
su
66%
Carlos
65%
desesperado
63%
donde
63%
manera
63%
cartica
59%
guardo
59%
hace
57%
las
56%
está
55%
vallenato
55%
voy
55%
Óyeme
53%
si
53%
ser
52%
sueño
51%
rato
49%
gusta
48%
hacer
46%
lleve
46%
Barranquilla
45%
Nada
45%
gente
41%
pasado
41%
perder
41%
otro
40%
porque
40%
del
39%
eres
39%
diferente
38%
entre
38%
feliz
38%
heridas
38%
sol
38%
tipo
38%
hasta
37%
los
37%
Piqué
37%
ella
36%
Ella
36%
caminando
35%
descomplicado
35%
rebuscando
35%
así
34%
desde
34%
despelucado
34%
olas
34%
gustas
33%
Puedo
31%
cuando
30%
Santa
30%
baila
29%
como
28%
relajada
28%
Arenosa
27%
chancleta
27%
favorita
27%
niña
25%
sola
25%
barco
24%
lola
24%
irse
23%
juntos
23%
Marta
23%
recorramos
23%
canta
22%
querrá
22%
niño
21%
zona
21%
cabello
20%
digan
20%
horas
20%
juguemo'
20%
antoja
19%
después
19%
esa
19%
pies
19%
adora
18%
más
18%
son
18%
largo
17%
descalzos
16%
miren
16%
pasen
16%
casa
15%
Tayrona
15%
sus
14%
caderas
13%
día
13%
mueven
11%
bola
10%
allá
9%
trapo
9%
algún
8%
Tienes
6%
muestres
5%

Distribución de puntuación

Porcentaje por número respondido

Porcentaje de gente con cada puntuación

Historial de tus puntuaciones

No has intentado esta prueba.